Overwatch Heroes by Hero Select Quote - Statistics

General Stats
  • This quiz has been taken 109 times
    49 since last reset
  • The average score is 38 of 50
Answer Stats
Quote Hero % Correct
Weapons operational. Grapples primed. Hamster pumped Wrecking Ball
97%
(thoughtful beeps) Bastion
95%
Come on Snowball! They need our help! Mei
95%
You can't escape death Reaper
95%
Every soldier needs a cause Soldier: 76
95%
Meow Meow Jetpack Cat
92%
Tools in hand, brain in gear Torbjörn
92%
Amid Discord, we will find tranquility Zenyatta
92%
Someone needs to fill this saddle Cassidy
89%
Time to save the world? Game on! D.Va
89%
Plenty of bombs to go around Junkrat
89%
A gun in each hand and a smile on my face! Mauga
89%
Cheers, love! It's time to save the world! Tracer
89%
Strike from above Pharah
87%
Why seek answers when we do not know the question? Sigma
87%
I will not leave a broken world behind Ana
84%
We will have peace at any cost Ramattra
84%
Breaking me down just builds me up Brigitte
82%
Honor is all I have left Hanzo
82%
My throne is where I say it is Junker Queen
82%
In my world, there are no secrets Sombra
82%
I aim to devastate Widowmaker
82%
I'm the last one you'll ever cross Ashe
79%
Don't worry, I'll be right behind you! Mercy
79%
Humanity is shackled. I will find the key Moira
79%
The perfect world is shaped by my hand. Domina
76%
Negaeba heiwa wa otozure yo (Peace returns to those that wish for it) Genji
76%
I am the empire. Vendetta
76%
Our future will be forged in conflict Doomfist
74%
Apocalypse ain't over Roadhog
74%
You know what they say. Just go with the flow. Wuyang
74%
The fire in my heart will never burn out. Anran
71%
Save every moment growing into who you truly are Lifeweaver
71%
We're here to be heard! Lúcio
71%
Let's make history! Venture
68%
A better world is possible today! Winston
68%
We will crush them! Zarya
68%
If you're in it with me, you're in it for life Hazard
66%
From imperfection, we build a new world Symmetra
66%
Another day, another battlefield Baptiste
63%
I am always ready to learn! Echo
63%
I carry my burdens alone Illari
63%
Together we will strike them down! Reinhardt
63%
We're all in this together. All of us Sojourn
63%
I'll find my own path Kiriko
61%
One small step at a time! Juno
53%
Only in unity will we find strength Orisa
53%
I'll put it all on the line. Emre
50%
I always deliver Freja
45%
I'll decide my own fate. Mizuki
39%
No matching quizzes found
Score Distribution
Percent of People with Each Score
Percentile by Number Answered
Your Score History
You have not taken this quiz since the last reset